| 000 | 00750cam4a220018100 4500 | ||
|---|---|---|---|
| 001 | zam00005314 | ||
| 008 | 970717n xx eng u | ||
| 035 | _a(Sirsi) r135314 | ||
| 040 | _dUPRA | ||
| 100 |
_aDeere, Garmen. _6A108184.1 |
||
| 245 | 1 | 0 | _aHousehold incomes in Cuban agriculture. |
| 260 |
_aThe Hague : _bISS, _c1993. |
||
| 520 | _aThis paper focusses on current household income levels among the three main groups of Cuban agricultural households i.e wage workers on state farms, cooperatives and property owning peasant producers. | ||
| 650 | 4 |
_aHousehold Incomes. _6S81093.1 |
|
| 650 | 4 |
_aCuba -- Wages -- Workers. _xCuba -- Wages -- Workers. _xCuba -- Wages -- Workers. _6S81094.1 |
|
| 949 | 1 | 0 |
_mINESOR _tBOOK _lON-SHELF |
| 004 | 135314 | ||
| 999 |
_c23248 _d23248 |
||